Aktuálne otázky politiky Európskej únie vzťahujúcej sa na hraničné kontroly
Sloboda pohybu je určujúcou zásadou Európskej únie a jedným z jej najväčších úspechov je možnosť pohybovať sa v Európskej únii bez kontrol na vnútorných hraniciach. Vývoj v uplynulom období zdôraznil potrebu zabezpečiť, aby schengenský priestor dokázal účinne zvládnuť tlaky, ktorým môže byť vystaven...
Saved in:
| Main Author: | |
|---|---|
| Format: | Book Chapter |
| Language: | Slovak |
| Subjects: | |
| Tags: |
No Tags, Be the first to tag this record!
|
MARC
| LEADER | 00000nla$a2200000$$$4500 | ||
|---|---|---|---|
| 001 | 0149685 | ||
| 005 | 20240502072706.6 | ||
| 041 | 0 | |a slo | |
| 044 | |a SK | ||
| 245 | 1 | 0 | |a Aktuálne otázky politiky Európskej únie vzťahujúcej sa na hraničné kontroly |c Lucia Hurná |
| 520 | |a Sloboda pohybu je určujúcou zásadou Európskej únie a jedným z jej najväčších úspechov je možnosť pohybovať sa v Európskej únii bez kontrol na vnútorných hraniciach. Vývoj v uplynulom období zdôraznil potrebu zabezpečiť, aby schengenský priestor dokázal účinne zvládnuť tlaky, ktorým môže byť vystavený kvôli slabinám vonkajších hraníc alebo kvôli vonkajším faktorom mimo jeho kontroly. V septembri 2011 Komisia navrhla posilniť schengenský priestor, aby dokázala zaručiť slobodu pohybu občanom Európskej únie a príslušníkom nečlenských krajín, ktorí každodenne cestujú v rámci tohto územia. | ||
| 610 | 2 | 0 | |a Európska únia |
| 610 | 2 | 0 | |a spolupráca hospodárska medzinárodná |
| 610 | 2 | 0 | |a politika medzinárodná |
| 610 | 2 | 0 | |a vzťahy medzinárodné |
| 610 | 2 | 0 | |a hranice štátne |
| 610 | 2 | 0 | |a kontrola |
| 610 | 2 | 0 | |a migrácia |
| 610 | 2 | 0 | |a dohody medzinárodné |
| 100 | 1 | |a Hurná, Lucia, 1978- | |